Formule 1 - Femmes pilotes - Statistiques

Statistiques générales
  • Ce quiz a été pris 44 fois
  • Le résultat moyen est 2 sur 5
Statistiques - réponses
Hint Réponse % Correct
1974-1976 Lella Lombardi
94%
1992 Giovanna Amati
44%
1980 Desiré Wilson
39%
1976-1978 Divina Galica
31%
1958-1959 Marie Teresa De Filippis
28%
Aucun quiz correspondant
Distribution des résultats
% des personnes avec chaque résultat
Percentile par nombre de réponses
Votre historique - résultats
Vous n’avez pas pris ce quiz